| 000 | 00000nam 2200000zi 4500 |
| 001 | 9.922112 |
| 003 | CaOODSP |
| 005 | 20230501152002 |
| 006 | m o d f |
| 007 | cr |n||||||||| |
| 008 | 230501t19981998onca o f|0| 0 eng d |
| 020 | |z0662636198 |
| 040 | |aCaOODSP|beng|erda|cCaOODSP |
| 043 | |an-cn--- |
| 086 | |aC2-354/1998E-PDF |
| 245 | 00|aYour internet business : |bearning consumer trust : a guide for electronic entrepreneurs. |
| 264 | 1|aOttawa : |bIndustry Canada = Industrie Canada, |c1998. |
| 264 | 4|c©1998 |
| 300 | |a1 online resource (8 pages) : |billustrations |
| 336 | |atext|btxt|2rdacontent |
| 337 | |acomputer|bc|2rdamedia |
| 338 | |aonline resource|bcr|2rdacarrier |
| 500 | |aIssued also in French under title: Faire des affaires sur internet : gagner la confiance du consommateur : un guide à l'intention des entrepreneurs de l'ère électronique. |
| 500 | |aDigitized edition from print [produced by Innovation, Science and Economic Development Canada]. |
| 650 | 0|aConsumer satisfaction|zCanada. |
| 650 | 0|aConsumer protection|zCanada. |
| 650 | 0|aElectronic commerce|zCanada. |
| 710 | 1 |aCanada. |bIndustry Canada, |eissuing body. |
| 775 | 08|tFaire des affaires sur internet : |w(CaOODSP)9.922114 |
| 856 | 40|qPDF|s575 KB|uhttps://publications.gc.ca/collections/collection_2023/isde-ised/c2/C2-354-1998-eng.pdf |